[Event "EYCC 2024 - G14"]
[Site "?"]
[Date "2024.08.24"]
[Round "3.1"]
[White "Beber, Anja"]
[Black "Nahapetyan, Ani"]
[Result "0-1"]
[BlackElo "1637"]
[WhiteElo "1877"]
[LiveChessVersion "1.4.8"]

1. d4 {[%clk 1:30:55]} d5 {[%clk 1:30:56]} 2. c4 {[%clk 1:31:14]} c6
{[%clk 1:31:19]} 3. Nc3 {[%clk 1:31:25]} Nf6 {[%clk 1:31:21]} 4. Nf3
{[%clk 1:31:29]} e6 {[%clk 1:31:22]} 5. Bg5 {[%clk 1:31:48]} Nbd7
{[%clk 1:31:05]} 6. e3 {[%clk 1:31:20]} Be7 {[%clk 1:29:58]} 7. Qc2
{[%clk 1:31:06]} O-O {[%clk 1:29:41]} 8. h4 {[%clk 1:29:26]} c5 {[%clk 1:25:54]}
9. cxd5 {[%clk 1:15:49]} exd5 {[%clk 1:22:38]} 10. dxc5 {[%clk 1:12:04]} Nxc5
{[%clk 1:20:41]} 11. Rd1 {[%clk 1:10:09]} Be6 {[%clk 1:15:04]} 12. Bc4
{[%clk 1:09:19]} Rc8 {[%clk 1:07:10]} 13. Bxf6 {[%clk 0:19:30]} Bxf6
{[%clk 1:07:25]} 14. Nxd5 {[%clk 0:18:39]} Bxd5 {[%clk 1:05:48]} 15. Bxd5
{[%clk 0:13:35]} Qa5+ {[%clk 1:05:29]} 16. Qd2 {[%clk 0:13:50]} Nd3+
{[%clk 1:03:29]} 17. Ke2 {[%clk 0:10:05]} Qxd5 {[%clk 1:02:17]} 18. Qxd3
{[%clk 0:07:54]} Qxa2 {[%clk 1:01:57]} 19. Rd2 {[%clk 0:04:43]} Rfd8
{[%clk 0:59:00]} 20. Nd4 {[%clk 0:04:49]} Bxd4 {[%clk 0:57:47]} 21. exd4
{[%clk 0:05:11]} Re8+ {[%clk 0:57:47]} 22. Kf3 {[%clk 0:05:28]} Qd5+
{[%clk 0:55:31]} 23. Kg3 {[%clk 0:05:51]} Rc6 {[%clk 0:55:08]} 24. Kh2
{[%clk 0:05:57]} Re4 {[%clk 0:48:30]} 25. g3 {[%clk 0:05:54]} Rce6
{[%clk 0:46:23]} 26. Rc1 {[%clk 0:05:13]} Re8 {[%clk 0:46:27]} 27. Rc5
{[%clk 0:02:51]} Qd6 {[%clk 0:46:51]} 28. Qxe4 {[%clk 0:01:51]} Rxe4
{[%clk 0:47:03]} 29. Rc8+ {[%clk 0:02:01]} Qf8 {[%clk 0:47:29]} 30. Rxf8+
{[%clk 0:02:22]} Kxf8 {[%clk 0:47:56]} 31. Kg2 {[%clk 0:02:44]} Ke7
{[%clk 0:46:55]} 32. Kf3 {[%clk 0:02:52]} Re1 {[%clk 0:47:01]} 33. Rd3
{[%clk 0:02:19]} Kd6 {[%clk 0:41:46]} 34. Rb3 {[%clk 0:02:00]} b6
{[%clk 0:41:19]} 35. Ra3 {[%clk 0:02:19]} Re7 {[%clk 0:41:04]} 36. Re3
{[%clk 0:02:07]} Rc7 {[%clk 0:40:03]} 37. b3 {[%clk 0:02:13]} Kd5
{[%clk 0:40:01]} 38. Rd3 {[%clk 0:02:35]} Re7 {[%clk 0:37:58]} 39. Re3
{[%clk 0:02:50]} Re6 {[%clk 0:36:55]} 40. Rd3 {[%clk 0:02:55]} a5
{[%clk 0:36:03]} 41. g4 {[%clk 0:02:17]} b5 {[%clk 0:35:34]} 42. g5
{[%clk 0:02:19]} a4 {[%clk 0:26:48]} 43. bxa4 {[%clk 0:01:05]} bxa4
{[%clk 0:27:13]} 44. Ra3 {[%clk 0:01:16]} Ra6 {[%clk 0:27:39]} 45. Ke3
{[%clk 0:01:34]} Kc4 {[%clk 0:28:05]} 46. Ke4 {[%clk 0:01:40]} Re6+
{[%clk 0:28:20]} 47. Kf5 {[%clk 0:01:59]} Kb4 {[%clk 0:28:34]} 48. Ra1
{[%clk 0:02:21]} a3 {[%clk 0:28:48]} 49. d5 {[%clk 0:02:41]} Re8 {[%clk 0:29:12]}
50. h5 {[%clk 0:01:53]} Kb3 {[%clk 0:29:34]} 51. g6 {[%clk 0:02:13]} fxg6+
{[%clk 0:23:52]} 52. hxg6 {[%clk 0:02:36]} h5 {[%clk 0:23:06]} 53. d6
{[%clk 0:02:57]} Kb2 {[%clk 0:21:42]} 54. Rh1 {[%clk 0:02:45]} a2
{[%clk 0:22:01]} 55. d7 {[%clk 0:03:05]} Rh8 {[%clk 0:20:54]} 56. Ke6
{[%clk 0:03:17]} a1=Q {[%clk 0:21:18]} 57. Rxa1 {[%clk 0:03:39]} Kxa1
{[%clk 0:21:44]} 58. Ke7 {[%clk 0:01:11]} h4 {[%clk 0:22:09]} 59. d8=Q
{[%clk 0:01:34]} Rxd8 {[%clk 0:22:37]} 60. Kxd8 {[%clk 0:01:57]} h3
{[%clk 0:23:05]} 61. Ke7 {[%clk 0:02:18]} h2 {[%clk 0:23:28]} 62. Kf7
{[%clk 0:02:42]} h1=Q {[%clk 0:23:53]} 63. Kxg7 {[%clk 0:03:07]} Qh5
{[%clk 0:23:55]} 64. Kf6 {[%clk 0:02:35]} Qh4+ {[%clk 0:24:18]} 65. Ke6
{[%clk 0:02:20]} Qxf2 {[%clk 0:24:31]} 66. Ke7 {[%clk 0:02:34]} Qh4+
{[%clk 0:23:09]} 67. Kf7 {[%clk 0:02:42]} Qf4+ {[%clk 0:23:30]} 68. Kg8
{[%clk 0:02:50]} Kb2 {[%clk 0:20:10]} 69. g7 {[%clk 0:03:05]} Kc3
{[%clk 0:20:32]} 70. Kh7 {[%clk 0:03:21]} Qf7 {[%clk 0:20:50]} 71. Kh8
{[%clk 0:03:44]} Qh5+ {[%clk 0:21:16]} 72. Kg8 {[%clk 0:04:06]} Kd4
{[%clk 0:21:33]} 73. Kf8 {[%clk 0:04:31]} Qf5+ {[%clk 0:21:24]} 74. Ke7
{[%clk 0:04:33]} Qg6 {[%clk 0:21:50]} 75. Kf8 {[%clk 0:04:54]} Qf6+
{[%clk 0:22:16]} 76. Kg8 {[%clk 0:05:17]} Ke5 {[%clk 0:22:28]} 77. Kh8
{[%clk 0:05:20]} Qh6+ {[%clk 0:21:39]} 0-1

[Event "EYCC 2024 - G14"]
[Site "?"]
[Date "2024.08.24"]
[Round "3.2"]
[White "Ceruta, Alexandra"]
[Black "Skramstad, Oda Kofoed"]
[Result "1/2-1/2"]
[BlackElo "1980"]
[WhiteElo "1710"]
[LiveChessVersion "1.4.8"]

1. e4 {[%clk 1:30:58]} c5 {[%clk 1:30:38]} 2. Nf3 {[%clk 1:31:15]} Nc6
{[%clk 1:30:52]} 3. d4 {[%clk 1:31:34]} cxd4 {[%clk 1:31:06]} 4. Nxd4
{[%clk 1:31:54]} e5 {[%clk 1:30:25]} 5. Nb5 {[%clk 1:31:53]} d6 {[%clk 1:30:15]}
6. N1c3 {[%clk 1:32:07]} a6 {[%clk 1:30:13]} 7. Na3 {[%clk 1:32:24]} Be7
{[%clk 1:30:34]} 8. Nd5 {[%clk 1:26:25]} Nf6 {[%clk 1:29:55]} 9. Nxf6+
{[%clk 1:25:25]} Bxf6 {[%clk 1:30:06]} 10. Nc4 {[%clk 1:22:32]} O-O
{[%clk 1:22:04]} 11. Qxd6 {[%clk 1:14:07]} Nd4 {[%clk 1:19:51]} 12. Qxd8
{[%clk 1:04:56]} Rxd8 {[%clk 1:17:31]} 13. Bd3 {[%clk 1:02:37]} Be6
{[%clk 1:15:32]} 14. Nb6 {[%clk 0:55:16]} Rab8 {[%clk 1:13:59]} 15. a4
{[%clk 0:54:46]} Rd6 {[%clk 1:09:44]} 16. a5 {[%clk 0:52:39]} Nb3
{[%clk 1:09:07]} 17. cxb3 {[%clk 0:48:50]} Rxd3 {[%clk 1:08:52]} 18. b4
{[%clk 0:48:00]} Rb3 {[%clk 1:07:11]} 19. Bd2 {[%clk 0:45:21]} Rxb2
{[%clk 1:03:39]} 20. Na4 {[%clk 0:44:08]} Rc2 {[%clk 1:00:47]} 21. Nc5
{[%clk 0:42:30]} Rd8 {[%clk 0:59:59]} 22. Rd1 {[%clk 0:37:12]} Be7
{[%clk 0:54:55]} 23. Be3 {[%clk 0:34:48]} Rxd1+ {[%clk 0:52:35]} 24. Kxd1
{[%clk 0:35:05]} Rb2 {[%clk 0:51:31]} 25. Nxe6 {[%clk 0:25:16]} fxe6
{[%clk 0:51:38]} 26. Kc1 {[%clk 0:24:36]} Rxb4 {[%clk 0:50:49]} 27. f3
{[%clk 0:24:45]} Ra4 {[%clk 0:50:23]} 28. Kb2 {[%clk 0:22:41]} Rxa5 29. Rd1
{[%clk 0:22:26]} Rb5+ {[%clk 0:48:42]} 30. Ka2 {[%clk 0:22:12]} Kf8
{[%clk 0:44:45]} 31. Rd7 {[%clk 0:20:53]} Ke8 {[%clk 0:43:59]} 32. Rc7
{[%clk 0:21:03]} h6 {[%clk 0:41:59]} 33. h3 {[%clk 0:20:26]} Kd8 {[%clk 0:41:41]}
34. Rc3 {[%clk 0:20:21]} b6 {[%clk 0:41:12]} 35. Rc6 {[%clk 0:20:08]} Bc5
{[%clk 0:28:09]} 36. Bxc5 {[%clk 0:20:09]} Rxc5 {[%clk 0:27:59]} 37. Rxb6
{[%clk 0:20:01]} Rc2+ {[%clk 0:28:07]} 38. Kb3 {[%clk 0:20:08]} Rxg2
{[%clk 0:28:13]} 39. Rxe6 {[%clk 0:19:54]} Rg3 {[%clk 0:28:17]} 40. Rxa6
{[%clk 0:19:06]} Rxf3+ {[%clk 0:26:22]} 41. Kc4 {[%clk 0:17:56]} Ke7
{[%clk 0:25:23]} 42. Kd5 {[%clk 0:17:34]} Rxh3 {[%clk 0:24:37]} 43. Kxe5
{[%clk 0:17:46]} Rh5+ {[%clk 0:24:33]} 44. Kf4 Rb5 {[%clk 0:23:46]} 45. e5
{[%clk 0:16:39]} Rb8 {[%clk 0:17:11]} 46. Kf5 {[%clk 0:15:39]} Re8
{[%clk 0:14:36]} 47. Ra7+ {[%clk 0:11:30]} Kf8 {[%clk 0:09:34]} 48. Kg6
{[%clk 0:10:26]} Rxe5 {[%clk 0:09:09]} 49. Rf7+ {[%clk 0:10:32]} Ke8
{[%clk 0:09:12]} 50. Rxg7 {[%clk 0:10:48]} Rg5+ {[%clk 0:09:23]} 51. Kxh6
{[%clk 0:11:12]} Rxg7 {[%clk 0:09:48]} 52. Kxg7 {[%clk 0:11:00]} 1/2-1/2

[Event "EYCC 2024 - G14"]
[Site "?"]
[Date "2024.08.24"]
[Round "3.3"]
[White "Mence, Eline"]
[Black "Khairova, Evelina"]
[Result "0-1"]
[BlackElo "1717"]
[WhiteElo "1975"]
[LiveChessVersion "1.4.8"]

1. d4 {[%clk 1:30:57]} d5 {[%clk 1:30:54]} 2. Nf3 {[%clk 1:31:20]} Nf6
{[%clk 1:30:41]} 3. c4 {[%clk 1:31:41]} c6 {[%clk 1:31:02]} 4. Nc3
{[%clk 1:31:55]} Bf5 {[%clk 1:29:56]} 5. cxd5 {[%clk 1:31:01]} cxd5
{[%clk 1:27:50]} 6. Qb3 {[%clk 1:30:09]} b6 {[%clk 1:10:02]} 7. Bf4
{[%clk 1:27:09]} a6 {[%clk 1:09:35]} 8. e3 {[%clk 1:15:28]} e6 {[%clk 1:02:03]}
9. Bxb8 {[%clk 1:14:52]} Qxb8 {[%clk 1:02:23]} 10. Bxa6 {[%clk 1:13:48]} Bd6
{[%clk 0:55:07]} 11. Bb5+ {[%clk 1:07:07]} Ke7 {[%clk 0:53:35]} 12. h3
{[%clk 0:55:20]} Ne4 {[%clk 0:50:19]} 13. Nh4 {[%clk 0:43:41]} g6
{[%clk 0:31:16]} 14. Nxf5+ {[%clk 0:15:35]} gxf5 {[%clk 0:31:39]} 15. Ke2
{[%clk 0:14:52]} Rg8 {[%clk 0:28:55]} 16. Rag1 {[%clk 0:12:21]} Bh2
{[%clk 0:25:31]} 17. Nxe4 {[%clk 0:09:28]} fxe4 {[%clk 0:24:06]} 18. Rc1
{[%clk 0:07:02]} Rxg2 {[%clk 0:23:28]} 19. Rhf1 {[%clk 0:05:43]} Qg3
{[%clk 0:22:04]} 20. Bc6 {[%clk 0:02:58]} Qf3+ {[%clk 0:21:09]} 21. Ke1
{[%clk 0:02:54]} Rag8 {[%clk 0:20:19]} 22. Qb4+ {[%clk 0:01:38]} Kf6
{[%clk 0:20:20]} 23. Qd2 {[%clk 0:01:59]} Rg1 {[%clk 0:19:14]} 24. Bb5
{[%clk 0:02:04]} Qxh3 {[%clk 0:17:54]} 25. b4 {[%clk 0:01:08]} h5
{[%clk 0:10:49]} 26. Qb2 {[%clk 0:00:38]} R8g2 {[%clk 0:09:49]} 27. Kd2
{[%clk 0:00:48]} Qf3 {[%clk 0:09:21]} 28. Kc3 {[%clk 0:00:46]} Rxf1
{[%clk 0:08:28]} 29. Rxf1 {[%clk 0:01:09]} Rg1 {[%clk 0:08:07]} 30. Kb3
{[%clk 0:00:36]} Rxf1 {[%clk 0:08:16]} 31. Bxf1 {[%clk 0:01:02]} Qd1+
{[%clk 0:08:43]} 32. Qc2 {[%clk 0:00:42]} Qxf1 {[%clk 0:09:07]} 33. a4
{[%clk 0:00:34]} Qd3+ {[%clk 0:09:09]} 34. Qxd3 {[%clk 0:00:40]} exd3
{[%clk 0:09:34]} 35. a5 {[%clk 0:00:55]} d2 {[%clk 0:09:54]} 36. Kc2
{[%clk 0:01:19]} bxa5 {[%clk 0:10:08]} 37. bxa5 {[%clk 0:01:43]} Bb8
{[%clk 0:10:33]} 38. Kxd2 {[%clk 0:01:56]} h4 {[%clk 0:10:55]} 39. Ke2
{[%clk 0:02:22]} h3 {[%clk 0:11:20]} 40. Kf3 {[%clk 0:02:46]} h2 {[%clk 0:11:47]}
41. Kg2 {[%clk 0:03:13]} Kf5 {[%clk 0:12:08]} 42. f3 {[%clk 0:03:10]} e5
{[%clk 0:12:10]} 43. dxe5 {[%clk 0:03:09]} Bxe5 {[%clk 0:12:07]} 44. a6
{[%clk 0:03:21]} Bb8 {[%clk 0:12:34]} 45. Kh1 {[%clk 0:03:05]} Ba7
{[%clk 0:12:25]} 46. Kxh2 {[%clk 0:03:28]} Bxe3 {[%clk 0:12:51]} 47. Kg3
{[%clk 0:03:50]} Ba7 {[%clk 0:13:18]} 48. f4 {[%clk 0:03:15]} Ke4
{[%clk 0:13:43]} 49. f5 {[%clk 0:03:05]} Kxf5 {[%clk 0:14:05]} 50. Kf3
{[%clk 0:03:30]} Ke5 {[%clk 0:14:31]} 51. Ke2 {[%clk 0:03:56]} Ke4
{[%clk 0:14:56]} 52. Kd2 {[%clk 0:04:22]} f5 {[%clk 0:15:24]} 53. Ke2
{[%clk 0:04:46]} f4 {[%clk 0:15:50]} 54. Kd2 {[%clk 0:05:07]} f3 {[%clk 0:16:15]}
55. Ke1 {[%clk 0:05:34]} Ke3 {[%clk 0:16:39]} 56. Kf1 {[%clk 0:05:45]} f2
{[%clk 0:17:02]} 0-1

[Event "EYCC 2024 - G14"]
[Site "?"]
[Date "2024.08.24"]
[Round "3.4"]
[White "Nenova, Andzhelika"]
[Black "Gunasti, Latife Yade"]
[Result "1/2-1/2"]
[BlackElo "1704"]
[WhiteElo "1969"]
[LiveChessVersion "1.4.8"]

1. e4 {[%clk 1:30:55]} e6 {[%clk 1:30:44]} 2. d4 {[%clk 1:31:16]} d5
{[%clk 1:31:08]} 3. Nc3 {[%clk 1:31:41]} dxe4 {[%clk 1:30:28]} 4. Nxe4
{[%clk 1:32:01]} Bd7 {[%clk 1:29:56]} 5. Nf3 {[%clk 1:31:28]} Bc6
{[%clk 1:29:01]} 6. Bd3 {[%clk 1:30:14]} Nd7 {[%clk 1:27:17]} 7. Qe2
{[%clk 1:29:30]} Ngf6 {[%clk 1:25:59]} 8. c3 {[%clk 1:24:39]} Nxe4
{[%clk 1:21:42]} 9. Bxe4 {[%clk 1:25:01]} Bxe4 {[%clk 1:22:05]} 10. Qxe4
{[%clk 1:25:23]} c6 {[%clk 1:22:08]} 11. Bf4 {[%clk 1:18:06]} Be7
{[%clk 1:19:12]} 12. Qe2 {[%clk 1:17:35]} O-O {[%clk 1:16:31]} 13. O-O
{[%clk 1:17:10]} Nf6 {[%clk 1:15:12]} 14. Ne5 {[%clk 1:16:29]} Bd6
{[%clk 1:08:46]} 15. Bg5 {[%clk 1:12:14]} Be7 {[%clk 1:04:43]} 16. Bh4
{[%clk 1:09:00]} Nd5 {[%clk 1:00:11]} 17. Bg3 {[%clk 1:05:38]} Bf6
{[%clk 0:55:34]} 18. Nd3 {[%clk 1:04:43]} b6 {[%clk 0:51:24]} 19. a4
{[%clk 1:00:34]} Ne7 {[%clk 0:47:39]} 20. a5 {[%clk 0:50:36]} Nf5
{[%clk 0:41:34]} 21. Be5 {[%clk 0:41:19]} Bxe5 {[%clk 0:36:17]} 22. Nxe5
{[%clk 0:40:57]} Qd5 {[%clk 0:32:35]} 23. Qc4 {[%clk 0:38:10]} Ne7
{[%clk 0:26:52]} 24. Qxd5 {[%clk 0:34:08]} cxd5 {[%clk 0:25:38]} 25. axb6
{[%clk 0:33:09]} axb6 {[%clk 0:25:13]} 26. Nd7 {[%clk 0:33:12]} Rfd8
{[%clk 0:24:55]} 27. Nxb6 {[%clk 0:28:12]} Rab8 {[%clk 0:25:13]} 28. Ra6
{[%clk 0:27:51]} Rd6 {[%clk 0:23:22]} 29. Rfa1 {[%clk 0:20:42]} g5
{[%clk 0:21:19]} 30. Ra7 {[%clk 0:19:00]} Rdxb6 {[%clk 0:18:22]} 31. Rxe7
{[%clk 0:19:19]} Rxb2 {[%clk 0:18:49]} 32. g4 {[%clk 0:19:37]} Rb1+
{[%clk 0:18:28]} 33. Rxb1 {[%clk 0:20:01]} Rxb1+ {[%clk 0:18:55]} 34. Kg2
{[%clk 0:20:23]} Rc1 {[%clk 0:19:12]} 35. Rc7 {[%clk 0:20:43]} Kg7
{[%clk 0:19:18]} 36. Kg3 {[%clk 0:18:15]} Kg6 {[%clk 0:19:00]} 37. Rc8
{[%clk 0:17:38]} h6 {[%clk 0:18:10]} 38. f3 {[%clk 0:14:53]} Rg1+
{[%clk 0:16:10]} 39. Kf2 {[%clk 0:15:07]} Rc1 {[%clk 0:13:29]} 40. Kg2
{[%clk 0:09:26]} Kg7 {[%clk 0:12:15]} 41. Rc6 {[%clk 0:09:27]} Kf6
{[%clk 0:11:09]} 42. Rc7 {[%clk 0:09:16]} Kg6 {[%clk 0:11:26]} 43. Rc8
{[%clk 0:08:17]} Kf6 {[%clk 0:11:18]} 44. Kg3 {[%clk 0:07:32]} Rg1+
{[%clk 0:11:39]} 45. Kf2 {[%clk 0:07:57]} Rc1 {[%clk 0:12:04]} 46. Rc7
{[%clk 0:06:41]} Kg6 {[%clk 0:12:13]} 1/2-1/2

[Event "EYCC 2024 - G14"]
[Site "?"]
[Date "2024.08.24"]
[Round "3.5"]
[White "Slivova, Linda"]
[Black "Zengin, Ovgu"]
[Result "1-0"]
[BlackElo "1703"]
[WhiteElo "1963"]
[LiveChessVersion "1.4.8"]

1. d4 {[%clk 1:30:56]} d5 {[%clk 1:30:38]} 2. c4 {[%clk 1:31:18]} e6
{[%clk 1:31:00]} 3. Nf3 {[%clk 1:31:32]} Nf6 {[%clk 1:30:45]} 4. Bg5
{[%clk 1:31:46]} Be7 {[%clk 1:28:26]} 5. Nc3 {[%clk 1:31:39]} O-O
{[%clk 1:26:59]} 6. e3 {[%clk 1:31:49]} a6 {[%clk 1:25:51]} 7. Qc2
{[%clk 1:30:37]} h6 {[%clk 1:25:58]} 8. Bh4 {[%clk 1:30:28]} dxc4
{[%clk 1:26:09]} 9. Bxc4 {[%clk 1:30:15]} b5 {[%clk 1:25:20]} 10. Be2
{[%clk 1:25:03]} Bb7 {[%clk 1:21:59]} 11. O-O {[%clk 1:23:12]} Nbd7
{[%clk 1:19:40]} 12. Rfd1 {[%clk 1:18:29]} Rc8 {[%clk 1:17:54]} 13. Rac1
{[%clk 1:14:15]} Nb6 {[%clk 1:13:41]} 14. Ne5 {[%clk 1:06:53]} Nbd5
{[%clk 1:05:43]} 15. Nxd5 {[%clk 0:56:37]} Nxd5 {[%clk 1:02:42]} 16. Bxe7
{[%clk 0:49:41]} Qxe7 {[%clk 1:02:01]} 17. Qc5 {[%clk 0:48:28]} Qg5
{[%clk 1:00:34]} 18. Bf1 {[%clk 0:43:01]} Nb6 {[%clk 0:56:51]} 19. b3
{[%clk 0:40:12]} Rfd8 {[%clk 0:41:58]} 20. Qa3 {[%clk 0:38:18]} Rd6
{[%clk 0:31:06]} 21. Rd2 {[%clk 0:30:45]} Nd5 {[%clk 0:26:58]} 22. Rdc2
{[%clk 0:24:29]} Qe7 {[%clk 0:11:51]} 23. Nd3 {[%clk 0:17:58]} Nf6
{[%clk 0:05:21]} 24. Nc5 {[%clk 0:17:21]} Rb6 {[%clk 0:05:01]} 25. Qa5
{[%clk 0:16:58]} Ne4 {[%clk 0:03:40]} 26. Nxb7 {[%clk 0:16:38]} Rxb7
{[%clk 0:04:04]} 27. Qxa6 {[%clk 0:16:31]} Nd6 {[%clk 0:04:12]} 28. Rc5
{[%clk 0:12:43]} Qd7 {[%clk 0:03:19]} 29. g3 {[%clk 0:11:42]} Rb6
{[%clk 0:02:55]} 30. Qa3 {[%clk 0:10:58]} Nb7 {[%clk 0:02:20]} 31. R5c2
{[%clk 0:11:09]} b4 {[%clk 0:02:07]} 32. Qb2 {[%clk 0:11:26]} Qd6
{[%clk 0:02:15]} 33. Bg2 {[%clk 0:11:40]} Nd8 {[%clk 0:01:41]} 34. Rc4
{[%clk 0:11:22]} Rb5 {[%clk 0:01:50]} 35. Qc2 {[%clk 0:11:30]} Ra5
{[%clk 0:01:12]} 36. Rc5 {[%clk 0:10:34]} Ra7 {[%clk 0:01:10]} 37. Qe2
{[%clk 0:08:19]} c6 {[%clk 0:00:42]} 38. R1c2 {[%clk 0:07:23]} Kf8
{[%clk 0:00:44]} 39. Qc4 {[%clk 0:07:34]} Rca8 {[%clk 0:01:05]} 40. Bxc6
{[%clk 0:07:07]} Rb8 {[%clk 0:00:53]} 41. Ba4 {[%clk 0:05:00]} Ke7
{[%clk 0:00:41]} 42. Rb5 {[%clk 0:04:37]} Rba8 {[%clk 0:00:42]} 43. Qxb4
{[%clk 0:04:38]} 1-0

[Event "EYCC 2024 - G14"]
[Site "?"]
[Date "2024.08.24"]
[Round "3.6"]
[White "Lajdamik, Kinga"]
[Black "Andries, Leia"]
[Result "1-0"]
[BlackElo "1937"]
[WhiteElo "1697"]
[LiveChessVersion "1.4.8"]

1. e4 {[%clk 1:30:59]} c5 {[%clk 1:30:56]} 2. Nf3 {[%clk 1:31:23]} Nc6
{[%clk 1:31:21]} 3. Bb5 {[%clk 1:31:49]} g6 {[%clk 1:31:46]} 4. Bxc6
{[%clk 1:32:14]} bxc6 {[%clk 1:32:13]} 5. O-O {[%clk 1:32:35]} Bg7
{[%clk 1:32:37]} 6. Re1 {[%clk 1:33:00]} Nf6 {[%clk 1:33:01]} 7. e5
{[%clk 1:33:20]} Nd5 {[%clk 1:33:26]} 8. c4 {[%clk 1:33:45]} Nc7 {[%clk 1:33:52]}
9. d4 {[%clk 1:34:03]} cxd4 {[%clk 1:34:14]} 10. Qxd4 {[%clk 1:34:26]} Ne6
{[%clk 1:34:35]} 11. Qh4 {[%clk 1:34:43]} d6 {[%clk 1:33:18]} 12. exd6
{[%clk 1:24:14]} Qxd6 {[%clk 1:33:34]} 13. Na3 {[%clk 1:11:23]} Rb8
{[%clk 1:16:55]} 14. Rb1 {[%clk 1:10:58]} h6 {[%clk 0:53:22]} 15. b3
{[%clk 0:43:31]} g5 {[%clk 0:26:14]} 16. Qe4 {[%clk 0:42:53]} Nc5
{[%clk 0:23:31]} 17. Qe3 {[%clk 0:21:38]} Bf5 {[%clk 0:18:42]} 18. Bb2
{[%clk 0:21:41]} Bxb2 {[%clk 0:18:21]} 19. Rxb2 {[%clk 0:21:14]} Nd3
{[%clk 0:17:24]} 20. Nd4 {[%clk 0:14:30]} Qxa3 {[%clk 0:13:08]} 21. Nxf5
{[%clk 0:14:47]} Nxe1 {[%clk 0:13:17]} 22. Qe5 {[%clk 0:11:19]} Qb4
{[%clk 0:05:41]} 23. Qxh8+ {[%clk 0:10:46]} Kd7 {[%clk 0:06:04]} 24. Qd4+
{[%clk 0:11:05]} Kc7 {[%clk 0:05:43]} 25. Re2 {[%clk 0:09:23]} e6
{[%clk 0:04:16]} 26. Nxh6 {[%clk 0:09:18]} Nc2 {[%clk 0:02:21]} 27. Qe5+
{[%clk 0:09:42]} Kb7 {[%clk 0:02:41]} 28. Rxc2 {[%clk 0:10:06]} Rd8
{[%clk 0:02:24]} 29. g3 {[%clk 0:09:42]} Qe7 {[%clk 0:01:18]} 30. Nf5
{[%clk 0:09:47]} Qd7 {[%clk 0:01:20]} 31. Ne3 {[%clk 0:09:57]} f5
{[%clk 0:01:29]} 32. Rc1 {[%clk 0:09:01]} 1-0

[Event "EYCC 2024 - G14"]
[Site "?"]
[Date "2024.08.24"]
[Round "3.7"]
[White "Velychko, Sofiya"]
[Black "Buchtova, Viktorie"]
[Result "1/2-1/2"]
[BlackElo "1854"]
[WhiteElo "1691"]
[LiveChessVersion "1.4.8"]

1. e4 {[%clk 1:30:58]} c5 {[%clk 1:30:53]} 2. Nf3 {[%clk 1:31:13]} Nc6
{[%clk 1:31:19]} 3. d4 {[%clk 1:31:27]} cxd4 {[%clk 1:31:43]} 4. Nxd4
{[%clk 1:31:48]} g6 {[%clk 1:32:09]} 5. c4 {[%clk 1:31:51]} Bg7 {[%clk 1:32:31]}
6. Be3 {[%clk 1:31:47]} d6 {[%clk 1:32:50]} 7. Nc3 {[%clk 1:30:46]} Nf6
{[%clk 1:33:05]} 8. Be2 {[%clk 1:31:01]} O-O {[%clk 1:33:13]} 9. O-O
{[%clk 1:31:26]} Bd7 {[%clk 1:31:53]} 10. Nc2 {[%clk 1:31:36]} a5
{[%clk 1:30:56]} 11. f4 {[%clk 1:30:55]} Nb4 {[%clk 1:24:31]} 12. a3
{[%clk 1:22:20]} Nxc2 {[%clk 1:21:45]} 13. Qxc2 {[%clk 1:22:40]} Bc6
{[%clk 1:22:02]} 14. Bf3 {[%clk 1:17:53]} Nd7 {[%clk 1:21:32]} 15. b4
{[%clk 1:15:44]} Nb6 {[%clk 1:16:42]} 16. Qd3 {[%clk 1:03:33]} Qc7
{[%clk 1:09:40]} 17. Kh1 {[%clk 1:00:14]} Rfc8 {[%clk 0:47:45]} 18. b5
{[%clk 0:48:50]} Bxc3 {[%clk 0:46:03]} 19. Qxc3 {[%clk 0:49:09]} Bxb5
{[%clk 0:43:34]} 20. Bxb6 {[%clk 0:45:58]} Qxb6 {[%clk 0:42:38]} 21. Qb3
{[%clk 0:44:25]} Rxc4 {[%clk 0:33:28]} 22. Rab1 {[%clk 0:41:04]} Rb4
{[%clk 0:22:28]} 23. axb4 {[%clk 0:41:17]} Bxf1 {[%clk 0:22:54]} 24. Rxf1
{[%clk 0:41:26]} Rc8 {[%clk 0:21:39]} 25. Bg4 {[%clk 0:40:10]} Rc7
{[%clk 0:18:20]} 26. f5 {[%clk 0:33:02]} Qb5 {[%clk 0:17:03]} 27. Qf3
{[%clk 0:29:25]} g5 {[%clk 0:13:14]} 28. bxa5 {[%clk 0:28:00]} Qxa5
{[%clk 0:10:48]} 29. Qe3 {[%clk 0:25:39]} h6 {[%clk 0:10:20]} 30. h4
{[%clk 0:20:39]} Rc3 {[%clk 0:10:03]} 31. Qd4 {[%clk 0:19:15]} Qe5
{[%clk 0:09:20]} 32. Qxe5 {[%clk 0:18:56]} dxe5 {[%clk 0:09:40]} 33. hxg5
{[%clk 0:17:47]} hxg5 {[%clk 0:10:07]} 34. Rb1 {[%clk 0:17:05]} Rc4
{[%clk 0:04:15]} 35. Rxb7 {[%clk 0:15:26]} Rxe4 {[%clk 0:04:36]} 36. Bf3
{[%clk 0:14:37]} Rf4 {[%clk 0:01:14]} 37. Rxe7 {[%clk 0:13:45]} Rxf5
{[%clk 0:01:30]} 38. Be4 {[%clk 0:13:11]} Rf1+ {[%clk 0:01:03]} 39. Kh2
{[%clk 0:13:33]} f6 {[%clk 0:01:22]} 1/2-1/2

[Event "EYCC 2024 - G14"]
[Site "?"]
[Date "2024.08.24"]
[Round "3.8"]
[White "Castagnerol, Cerise"]
[Black "Kravchenko, Anastasiia"]
[Result "0-1"]
[BlackElo "1690"]
[WhiteElo "1845"]
[LiveChessVersion "1.4.8"]

1. d4 {[%clk 1:30:58]} Nf6 {[%clk 1:30:52]} 2. c4 {[%clk 1:31:19]} g6
{[%clk 1:31:15]} 3. Nf3 {[%clk 1:31:37]} Bg7 {[%clk 1:31:38]} 4. Nc3
{[%clk 1:31:44]} O-O {[%clk 1:31:12]} 5. Bg5 {[%clk 1:31:46]} h6 {[%clk 1:28:51]}
6. Bh4 {[%clk 1:31:09]} d6 {[%clk 1:28:09]} 7. e3 {[%clk 1:29:50]} Nbd7
{[%clk 1:27:59]} 8. Be2 {[%clk 1:28:27]} Re8 {[%clk 1:23:35]} 9. Qc2
{[%clk 1:26:37]} e5 {[%clk 1:21:29]} 10. O-O {[%clk 1:25:11]} g5 {[%clk 1:19:12]}
11. Bg3 {[%clk 1:25:25]} Nh5 {[%clk 1:12:59]} 12. Rfd1 {[%clk 1:22:39]} Nxg3
{[%clk 1:07:08]} 13. hxg3 {[%clk 1:22:44]} c6 {[%clk 0:55:49]} 14. Rac1
{[%clk 1:13:35]} Qe7 {[%clk 0:54:51]} 15. b4 {[%clk 1:03:59]} e4 {[%clk 0:52:08]}
16. Nd2 {[%clk 1:01:39]} f5 {[%clk 0:51:33]} 17. b5 {[%clk 0:57:29]} Nf6
{[%clk 0:47:11]} 18. Qa4 {[%clk 0:50:19]} Bd7 {[%clk 0:43:19]} 19. bxc6
{[%clk 0:45:15]} bxc6 {[%clk 0:43:15]} 20. Qa5 {[%clk 0:42:29]} f4
{[%clk 0:41:48]} 21. gxf4 {[%clk 0:40:50]} gxf4 {[%clk 0:42:12]} 22. Bh5
{[%clk 0:38:33]} Rf8 {[%clk 0:27:29]} 23. Rf1 {[%clk 0:29:57]} Bg4
{[%clk 0:20:39]} 24. Bg6 {[%clk 0:28:03]} f3 {[%clk 0:16:14]} 25. g3
{[%clk 0:24:59]} Bh3 {[%clk 0:12:46]} 26. Rfe1 {[%clk 0:24:19]} Qe6
{[%clk 0:09:18]} 27. Rb1 {[%clk 0:19:11]} Qg4 {[%clk 0:06:55]} 28. Kh2
{[%clk 0:17:12]} d5 {[%clk 0:05:09]} 29. Rh1 {[%clk 0:10:08]} Bg2
{[%clk 0:05:07]} 30. Kg1 {[%clk 0:09:25]} Bxh1 {[%clk 0:05:25]} 31. Kf1
{[%clk 0:09:45]} Qxg6 {[%clk 0:05:26]} 32. Rb7 {[%clk 0:09:02]} Ng4
{[%clk 0:05:11]} 33. cxd5 {[%clk 0:09:06]} Nxe3+ {[%clk 0:05:16]} 34. Ke1
{[%clk 0:09:15]} Nc2+ {[%clk 0:05:24]} 35. Kd1 {[%clk 0:09:29]} e3
{[%clk 0:05:37]} 0-1